Statystyki dla 15 krajów o największej liczbie zgonów Covid19 - 21 czerwca

Kliknij tutaj aby rozwiązać quiz!

Ogólne statystyki

  • Ten quiz został rozwiązany 26 razy
  • Średni wynik to 12 z 20

Statystyki odpowiedzi

kraj% Poprawnych
Niemcy
96%
Kanada
91%
Stany Zjednoczone
91%
Hiszpania
87%
Rosja
87%
Francja
78%
Włochy
78%
Brazylia
74%
Wielka Brytania
70%
Holandia
65%
Indie
65%
Meksyk
57%
Belgia
52%
Szwecja
52%
Iran
43%
Irlandia
39%
Chile
35%
Szwajcaria
35%
Peru
26%
Ekwador
17%

Rozkład punktacji

Percentyl według liczby udzielonych odpowiedzi

Procent ludzi z każdym wynikiem

Twoja historia wyników

Nie rozwiązałeś tego quizu